LIBRARY & INFORMATION CENTRE, KCAET, TAVANUR

ONLINE PUBLIC ACCESS CATALOGUE (OPAC)

Recharge and Discharge Studies in laterite soils (Record no. 14058)

MARC details
000 -LEADER
fixed length control field 00401nam a22001457a 4500
082 ## - DEWEY DECIMAL CLASSIFICATION NUMBER
Classification number 631.45
Item number KAV
100 ## - MAIN ENTRY--AUTHOR NAME
Personal name Kavitha M.N
245 ## - TITLE STATEMENT
Title Recharge and Discharge Studies in laterite soils
260 ## - PUBLICATION, DISTRIBUTION, ETC. (IMPRINT)
Place of publication Tavanur
Name of publisher Department of LWRCE
Year of publication 2005
700 ## - ADDED ENTRY--PERSONAL NAME
Personal name Luiz, Sanfred Joseph
700 ## - ADDED ENTRY--PERSONAL NAME
Personal name Sini K
700 ## - ADDED ENTRY--PERSONAL NAME
Personal name Sathian K K
856 ## - ELECTRONIC LOCATION AND ACCESS
Uniform Resource Identifier http://192.168.1.14:8080/xmlui/handle/123456789/14
942 ## - ADDED ENTRY ELEMENTS (KOHA)
Koha item type Project Report
Holdings
Collection code Home library Current library Shelving location Full call number Accession Number Koha item type
Reference KAUAET KAUAET On Display 631.45 KAV P150 Project Report
free website counter